000 00747nam a2200253Ia 4500
003 OSt
005 20220925185838.0
006 a|||||r|||| 00| 0
007 ta
008 220923b |||||||| |||| 00| 0 eng d
020 _a9780324657904
_c2157.98
037 _b74, 17/09/2010, AVIVA BOOKS COMPANY
_cGeneral Book
040 _aRTL
_cRTL
_beng
041 _2eng
_aeng
082 _aXM5:6, P9
100 _aMcGUIGAN James R
_9236059
245 0 _aContemporary corporate finance
250 _a11
260 _aAustralia
_bCengage Learning
_c2009
300 _axxiv, 786p
_ccm.
650 _aCommerce
942 _hXM5:6, P9
_cGB
_2CC
999 _c512422
_d512422